[Event "Klatovy"]
[Site "?"]
[Date "2007.??.??"]
[Round "?"]
[White "Valdman, J."]
[Black "Vlasak, L."]
[Result "0-1"]
[WhiteElo "1835"]
[BlackElo "2005"]
[PlyCount "80"]
[EventDate "2007.??.??"]

1. e4 c5 2. Nf3 Nc6 3. d4 cxd4 4. Nxd4 Nf6 5. Nc3 e5 6. Ndb5 d6 7. Bg5 a6 8.
Na3 b5 9. Nd5 Be7 10. Bxf6 Bxf6 11. c3 O-O 12. Nc2 Bg5 13. a4 bxa4 14. Rxa4 a5
15. h4 Bh6 16. g4 Bf4 17. b4 Bb7 18. b5 Ne7 19. Nce3 Rc8 20. c4 Bxe3 21. fxe3
Bxd5 22. exd5 f5 23. g5 Qb6 24. Qd2 e4 25. Rxa5 f4 26. Ra6 Qc5 27. exf4 e3 28.
Qb2 Rxf4 29. Be2 Rxc4 30. Bxc4 Qxc4 31. Rxd6 Qc1+ 32. Qxc1 Rxc1+ 33. Ke2 Rxh1
34. Rd8+ Kf7 35. d6 Nf5 36. d7 Ke7 37. Rf8 Ng3+ 38. Kxe3 Kxd7 39. Rf7+ Ke6 40.
Rxg7 Nf5+ 0-1

[Event "Klatovy"]
[Site "?"]
[Date "2007.??.??"]
[Round "?"]
[White "Hampel, R."]
[Black "Snaidr, J."]
[Result "1/2-1/2"]
[WhiteElo "1820"]
[BlackElo "2000"]
[PlyCount "73"]
[EventDate "2007.??.??"]

1. e4 c5 2. Nc3 Nc6 3. f4 e6 4. Bc4 Be7 5. Nf3 Nf6 6. O-O d5 7. exd5 exd5 8.
Be2 O-O 9. d3 Bd6 10. Bd2 a6 11. a4 Qc7 12. g3 Re8 13. Re1 d4 14. Nb1 b6 15.
Na3 Qd7 16. Bf1 Bb7 17. Bg2 Bc7 18. Nc4 Rxe1+ 19. Qxe1 Re8 20. Qf1 b5 21. axb5
axb5 22. Na5 Ba8 23. Nxc6 Bxc6 24. Re1 Ng4 25. Rxe8+ Qxe8 26. Qe1 Ne3 27. Bxe3
dxe3 28. Ng5 h6 29. Ne4 f5 30. Nc3 Bxg2 31. Kxg2 Qc6+ 32. Kg1 c4 33. Qxe3 cxd3
34. cxd3 b4 35. Ne2 Bb6 36. d4 Qc2 37. b3 1/2-1/2

[Event "Klatovy"]
[Site "?"]
[Date "2007.??.??"]
[Round "?"]
[White "Skoda, M."]
[Black "Hruska, J."]
[Result "1-0"]
[WhiteElo "1995"]
[BlackElo "1850"]
[PlyCount "47"]
[EventDate "2007.??.??"]

1. e4 e6 2. d4 d5 3. Nd2 Nf6 4. e5 Nfd7 5. Bd3 c5 6. c3 Nc6 7. Ne2 Be7 8. Nf3
cxd4 9. cxd4 Nb4 10. Bb1 b5 11. O-O Nb6 12. a3 Nc6 13. Ng3 b4 14. a4 Ba6 15.
Re1 b3 16. Nh5 g6 17. Nf6+ Bxf6 18. exf6 h6 19. Ne5 Nxe5 20. dxe5 Bc4 21. Be3
Qc7 22. Qd2 h5 23. Bd3 O-O 24. Bh6 1-0

[Event "Klatovy"]
[Site "?"]
[Date "2007.??.??"]
[Round "?"]
[White "Hlavnicka, J."]
[Black "Travnik, P."]
[Result "1-0"]
[WhiteElo "1995"]
[BlackElo "1825"]
[PlyCount "97"]
[EventDate "2007.??.??"]

1. e4 c5 2. Nf3 d6 3. d4 cxd4 4. Nxd4 a6 5. Nc3 Nf6 6. f3 Nc6 7. Be3 e6 8. Bc4
Qc7 9. Nxc6 Qxc6 10. Bb3 b5 11. O-O Be7 12. Qe1 O-O 13. Qg3 g6 14. Ne2 Rd8 15.
Rad1 Bb7 16. c3 e5 17. Kh1 Rac8 18. Ng1 Rd7 19. Nh3 Nh5 20. Qf2 Kg7 21. f4 Rf8
22. Bd5 Qc8 23. f5 Bxd5 24. exd5 Qc4 25. Qf3 Nf6 26. b3 Qe4 27. Qg3 Nh5 28. Qf2
Nf6 29. Ng5 Qg4 30. h3 Qh5 31. Kg1 h6 32. Nf3 gxf5 33. Bc1 Ne4 34. Qb6 Kf6 35.
Nxe5 Rdd8 36. Nc6 Kg7 37. Nxe7 Kh7 38. Qd4 Ng3 39. Qf6 Nxf1 40. Rxf1 Rde8 41.
Kh2 Rxe7 42. Qxe7 Rg8 43. Qxd6 Rg6 44. Qf4 Qe2 45. Rf2 Qd1 46. Bb2 Qxd5 47.
Qxf5 Qd6+ 48. Kh1 Qd1+ 49. Rf1 1-0

[Event "Klatovy"]
[Site "?"]
[Date "2007.??.??"]
[Round "?"]
[White "Sterba, K."]
[Black "Jenc, M."]
[Result "0-1"]
[WhiteElo "1805"]
[BlackElo "1965"]
[PlyCount "100"]
[EventDate "2007.??.??"]

1. e4 c5 2. Nf3 d6 3. d4 cxd4 4. Nxd4 Nf6 5. Nc3 Nc6 6. Be3 e6 7. Be2 a6 8. Qd2
Be7 9. O-O Qc7 10. f4 O-O 11. Bf3 Rd8 12. Rad1 d5 13. e5 Nxd4 14. Bxd4 Nd7 15.
Kh1 b5 16. Qf2 Bb7 17. a3 Bc5 18. g4 Rac8 19. Ne2 b4 20. axb4 Bxb4 21. c3 Bc5
22. Ra1 Bxd4 23. Nxd4 Nc5 24. Qe3 Qb6 25. Qe2 Ne4 26. Ra4 Rc5 27. Rfa1 Rdc8 28.
Rb4 Qc7 29. f5 Ng5 30. Qe3 Nxf3 31. Qxf3 Rc4 32. Rb3 Ba8 33. fxe6 fxe6 34. Rxa6
Rxd4 35. cxd4 Qc1+ 36. Kg2 Rc2+ 37. Kg3 Qg1+ 38. Kh4 Rxh2+ 39. Kg5 Qc1+ 40. Re3
Qc8 41. Ra7 Qd8+ 42. Kf4 h6 43. Rxa8 Qxa8 44. Kg3 Rxb2 45. Re2 Rb4 46. Rd2 Qa1
47. Qf2 Qc3+ 48. Kh2 Rb3 49. Qg2 Qe3 50. Ra2 Qf4+ 0-1

[Event "Klatovy"]
[Site "?"]
[Date "2007.??.??"]
[Round "?"]
[White "Kubik, J."]
[Black "Nguyen, D."]
[Result "1/2-1/2"]
[WhiteElo "1960"]
[BlackElo "1820"]
[PlyCount "76"]
[EventDate "2007.??.??"]

1. c4 Nf6 2. Nc3 g6 3. e4 d6 4. d4 Bg7 5. Nf3 O-O 6. h3 c5 7. Be3 cxd4 8. Nxd4
Nc6 9. Be2 Bd7 10. O-O Rc8 11. Rc1 a6 12. f4 Qa5 13. Nb3 Qc7 14. Nd5 Qb8 15.
Nxf6+ Bxf6 16. e5 Bg7 17. c5 Rfe8 18. Rf3 Bf5 19. cxd6 exd6 20. exd6 Rcd8 21.
Bc5 Bxb2 22. g4 Be4 23. Re3 b6 24. Rc4 bxc5 25. Rcxe4 Rxe4 26. Rxe4 Qxd6 27.
Qxd6 Rxd6 28. Bxa6 Na5 29. Bb5 Bd4+ 30. Kg2 Rb6 31. Nxd4 cxd4 32. a4 Nb3 33.
Bc4 Nc5 34. Rxd4 Nxa4 35. Bxf7+ Kxf7 36. Rxa4 Rb3 37. Ra7+ Kg8 38. Ra2 Rc3
1/2-1/2

[Event "Klatovy"]
[Site "?"]
[Date "2007.??.??"]
[Round "?"]
[White "Muhlbauer, H."]
[Black "Lexa, V."]
[Result "1-0"]
[WhiteElo "1785"]
[BlackElo "1955"]
[PlyCount "115"]
[EventDate "2007.??.??"]

1. d4 Nf6 2. Nf3 d5 3. c4 e6 4. a3 c6 5. Nc3 Nbd7 6. e3 Bd6 7. Be2 O-O 8. O-O
dxc4 9. Bxc4 b5 10. Be2 Bb7 11. b3 Qe7 12. Bb2 a6 13. Qc2 Rac8 14. Ne4 Nxe4 15.
Qxe4 Rfe8 16. Rfd1 Nf8 17. Qg4 f6 18. Rdc1 c5 19. dxc5 Bxc5 20. b4 Bb6 21. Nd4
Ng6 22. Rxc8 Bxc8 23. Nb3 e5 24. Qh5 Be6 25. Nd2 Rc8 26. Bd1 Bf7 27. Qg4 Be6
28. Bb3 f5 29. Qxf5 Rc6 30. Bxe6+ Rxe6 31. Rc1 Qf6 32. Rc8+ Kf7 33. Qc2 Ne7 34.
Rc3 g6 35. Ne4 Qf5 36. Nc5 Rd6 37. Qxf5+ gxf5 38. Kf1 a5 39. Nb7 Rd7 40. Nxa5
Nd5 41. Rc2 Bxa5 42. bxa5 Ra7 43. Bxe5 Rxa5 44. Bd6 Ke6 45. Bf8 Ke5 46. Ke2 Ra8
47. Bc5 f4 48. Bb4 Rg8 49. g3 fxe3 50. fxe3 Rg6 51. Rc5 Ke4 52. Rxb5 Nxe3 53.
Rb7 Nd5 54. Rxh7 Rc6 55. Rh4+ Kf5 56. Kd3 Nf6 57. a4 Rc8 58. a5 1-0

[Event "Klatovy"]
[Site "?"]
[Date "2007.??.??"]
[Round "?"]
[White "Macek, K."]
[Black "Schanilec, M."]
[Result "1-0"]
[WhiteElo "1950"]
[BlackElo "1800"]
[PlyCount "77"]
[EventDate "2007.??.??"]

1. e4 e5 2. Nf3 Nc6 3. Bb5 a6 4. Ba4 Bc5 5. c3 b5 6. Bb3 Nge7 7. Ng5 d5 8. exd5
Nxd5 9. Qf3 Be6 10. Nxe6 fxe6 11. O-O g6 12. d4 exd4 13. Qe4 Qd6 14. Re1 Kd7
15. Bh6 Rae8 16. Bg7 Rhg8 17. Bxd4 Nxd4 18. cxd4 Bb4 19. Rd1 Rgf8 20. a4 Rf4
21. Qe2 Ref8 22. f3 c6 23. axb5 cxb5 24. Bxd5 exd5 25. Na3 Re8 26. Qd3 Qb6 27.
Nc2 Bf8 28. Qb3 Qc7 29. Rac1 Rc8 30. Ne3 Qxc1 31. Qxd5+ Bd6 32. Rxc1 Rxc1+ 33.
Kf2 Rc6 34. Qg8 Rh4 35. Qf7+ Be7 36. Nd5 Re6 37. Nxe7 Rxe7 38. Qd5+ Kc7 39. Qg5
1-0

[Event "Klatovy"]
[Site "?"]
[Date "2007.??.??"]
[Round "?"]
[White "Neuman, P."]
[Black "Pokrupa, M."]
[Result "1-0"]
[WhiteElo "2410"]
[BlackElo "2175"]
[PlyCount "127"]
[EventDate "2007.??.??"]

1. d4 Nf6 2. c4 e6 3. Nc3 d5 4. cxd5 exd5 5. Bg5 Be7 6. e3 c6 7. Qc2 Nbd7 8.
Bd3 O-O 9. Nge2 Re8 10. O-O Nf8 11. Rab1 Be6 12. b4 a6 13. Na4 N6d7 14. Bxe7
Qxe7 15. Nc5 Nxc5 16. Qxc5 Qxc5 17. bxc5 Re7 18. Nc1 Rd8 19. Nb3 Rc7 20. Na5
Bc8 21. Rb2 g6 22. f3 Ne6 23. Kf2 Re8 24. Rfb1 Ree7 25. Re1 Kf8 26. Bf1 Re8 27.
g3 f5 28. Nb3 Kf7 29. Nc1 Rce7 30. Nd3 Kf6 31. h3 h6 32. Bg2 g5 33. Rbe2 Bd7
34. Nc1 Bc8 35. Nd3 Ng7 36. Nc1 Ne6 37. Nd3 Bd7 38. g4 f4 39. exf4 Nxd4 40.
Rxe7 Rxe7 41. Rxe7 Kxe7 42. Ke3 Nc2+ 43. Kd2 Nd4 44. f5 Nb5 45. Bf1 Kf6 46. Be2
Be8 47. a4 Na7 48. Kc3 Nc8 49. Kd4 Bf7 50. Ne5 Be8 51. Bd1 Ne7 52. Bc2 Nc8 53.
f4 Ne7 54. Nf3 gxf4 55. h4 Bd7 56. g5+ hxg5 57. hxg5+ Kf7 58. Ne5+ Ke8 59. Nxd7
Kxd7 60. f6 Nc8 61. Bf5+ Kd8 62. Bxc8 f3 63. Ke3 b5 64. cxb6 1-0

[Event "Klatovy"]
[Site "?"]
[Date "2007.??.??"]
[Round "?"]
[White "Palek, M."]
[Black "Stross, F."]
[Result "1/2-1/2"]
[WhiteElo "2245"]
[BlackElo "2315"]
[PlyCount "43"]
[EventDate "2007.??.??"]

1. e4 c5 2. Nf3 e6 3. d3 Nc6 4. g3 Bd6 5. Bg2 Bc7 6. O-O Nge7 7. d4 cxd4 8.
Nxd4 a6 9. Nc3 b5 10. Nxc6 Nxc6 11. Nd5 Be5 12. Bf4 O-O 13. Bxe5 Nxe5 14. Ne3
d6 15. Qd4 Qc7 16. Rfd1 Rd8 17. a4 Bb7 18. axb5 axb5 19. Rxa8 Bxa8 20. Ra1 Bb7
21. c3 Ra8 22. Rxa8+ 1/2-1/2

[Event "Klatovy"]
[Site "?"]
[Date "2007.??.??"]
[Round "?"]
[White "Vorisek, J."]
[Black "Brom, J."]
[Result "1-0"]
[WhiteElo "2265"]
[BlackElo "2120"]
[PlyCount "109"]
[EventDate "2007.??.??"]

1. e4 c5 2. Nf3 Nc6 3. Bb5 g6 4. O-O Bg7 5. Re1 Nf6 6. c3 O-O 7. e5 Nd5 8. Qb3
Nc7 9. a4 d5 10. Bxc6 c4 11. Qa3 bxc6 12. d4 cxd3 13. Bg5 Re8 14. Nbd2 Ne6 15.
Be3 Qc7 16. Nb3 Ba6 17. Rad1 Bf8 18. Nc1 Rab8 19. Nxd3 Bc4 20. b4 Rb7 21. Nb2
Ba6 22. h4 Reb8 23. Qa1 Bg7 24. Qc1 Qc8 25. Bh6 Qf8 26. Bxg7 Qxg7 27. Qd2 h6
28. Rb1 Qf8 29. Nd1 Kh7 30. Ne3 Rd8 31. Ng4 Bc4 32. Nd4 Nxd4 33. Qxd4 h5 34.
Ne3 Ba6 35. g4 e6 36. Qf4 Qe7 37. Kg2 Rg8 38. Rh1 Qf8 39. Rb2 Qh6 40. Qd4 Qf8
41. Rhb1 Qe7 42. b5 Rgb8 43. c4 Qa3 44. cxd5 cxb5 45. gxh5 b4 46. hxg6+ fxg6
47. Rb3 Qxa4 48. Ng4 Kg7 49. Qf4 Rh8 50. Qf6+ Kh7 51. Qxe6 Be2 52. Nf6+ Kh6 53.
Rg3 Qc2 54. Rbb3 Qd1 55. Rxg6+ 1-0

[Event "Klatovy"]
[Site "?"]
[Date "2007.??.??"]
[Round "?"]
[White "Stluka, F."]
[Black "Kubecka, D."]
[Result "1/2-1/2"]
[WhiteElo "2145"]
[BlackElo "2260"]
[PlyCount "111"]
[EventDate "2007.??.??"]

1. d4 Nf6 2. c4 g6 3. Nc3 Bg7 4. e4 d6 5. f4 c5 6. d5 O-O 7. Nf3 b5 8. cxb5 a6
9. a4 Nbd7 10. Be2 axb5 11. Bxb5 Ba6 12. Qe2 Qb6 13. Nd2 Rfb8 14. Nc4 Qc7 15.
Ra3 Bxb5 16. Nxb5 Qd8 17. Bd2 Ra6 18. O-O Rba8 19. Rfa1 Nb6 20. Nxb6 Qxb6 21.
Bc3 Ne8 22. e5 Nc7 23. Nxc7 Qxc7 24. a5 Qd7 25. Rd1 Qf5 26. Ra4 h5 27. g3 R6a7
28. Kg2 Qd7 29. Re4 Qb7 30. Kg1 Qb3 31. Rd2 Rd8 32. Qd1 Qb8 33. Qe2 Qa8 34. Qc4
Kh7 35. Re1 Bh6 36. Rd3 Bg7 37. Ra1 Qb8 38. Re1 Qa8 39. h3 Rb8 40. Kh2 Rab7 41.
Re2 h4 42. gxh4 Rb4 43. Bxb4 Rxb4 44. Qc1 Qxa5 45. e6 f5 46. h5 gxh5 47. Rg3
Bh6 48. Rf2 Qa4 49. b3 Qa8 50. Qd1 Qe8 51. Qc2 Qf8 52. Qe2 Qe8 53. Qc2 Qf8 54.
Qe2 Qe8 55. Qc2 Qf8 56. Qe2 1/2-1/2

[Event "Klatovy"]
[Site "?"]
[Date "2007.??.??"]
[Round "?"]
[White "Gdovin, J."]
[Black "Havlik, J."]
[Result "0-1"]
[WhiteElo "2115"]
[BlackElo "2260"]
[PlyCount "56"]
[EventDate "2007.??.??"]

1. e4 c5 2. Nf3 Nc6 3. c3 Nf6 4. Qc2 d6 5. d4 cxd4 6. cxd4 Bg4 7. d5 Bxf3 8.
gxf3 Ne5 9. Be2 Rc8 10. Nc3 a6 11. a4 g6 12. Qb3 Bg7 13. Be3 O-O 14. Qxb7 Rb8
15. Qxa6 Nfd7 16. Nb5 Nc5 17. Bxc5 dxc5 18. f4 Nd7 19. e5 Ra8 20. Qc6 Nb6 21.
Nc3 Rc8 22. Qb7 Rb8 23. Qa6 Nxd5 24. O-O-O e6 25. Bc4 Qh4 26. Bxd5 Qxf4+ 27.
Kc2 exd5 28. Rxd5 Bxe5 0-1

[Event "Klatovy"]
[Site "?"]
[Date "2007.??.??"]
[Round "?"]
[White "Sott, P."]
[Black "Lacina, A."]
[Result "1/2-1/2"]
[WhiteElo "2115"]
[BlackElo "2250"]
[PlyCount "39"]
[EventDate "2007.??.??"]

1. e4 e6 2. d4 d5 3. Nc3 dxe4 4. Nxe4 Nd7 5. Nf3 Ngf6 6. Ng3 c5 7. c3 Qc7 8.
Bd3 Bd6 9. O-O O-O 10. Qe2 Re8 11. Bg5 g6 12. Bb5 a6 13. Bxf6 axb5 14. Ne4 c4
15. g3 b6 16. Ne5 Bb7 17. Nxd6 Qxd6 18. Nxd7 Qxd7 19. Qe5 Qd5 20. Qxd5 1/2-1/2

[Event "Klatovy"]
[Site "?"]
[Date "2007.??.??"]
[Round "?"]
[White "Erneker, J."]
[Black "Jurek, J."]
[Result "0-1"]
[WhiteElo "2155"]
[BlackElo "2380"]
[PlyCount "90"]
[EventDate "2007.??.??"]

1. c4 Nf6 2. Nc3 c5 3. e4 Nc6 4. g3 g6 5. Bg2 Bg7 6. Nge2 O-O 7. O-O Ne8 8. d3
Nc7 9. Nd5 Ne6 10. Rb1 a5 11. Nec3 d6 12. Na4 Ned4 13. Nab6 e6 14. Nxa8 exd5
15. cxd5 Ne5 16. h3 b5 17. Be3 Ba6 18. Bxd4 cxd4 19. f4 Nd7 20. Qd2 b4 21. Rfc1
Nc5 22. e5 Qxa8 23. exd6 Rc8 24. d7 Nxd7 25. Rxc8+ Qxc8 26. Rc1 Qe8 27. Re1 Qb8
28. Qc2 Bf8 29. Be4 Nc5 30. Rd1 Qd6 31. Kg2 Bb5 32. Qd2 f5 33. Bf3 Bxd3 34. Rc1
Qa6 35. Qf2 Qf6 36. Rd1 Bg7 37. Qe1 Be4 38. a3 Qd6 39. axb4 Bxf3+ 40. Kxf3
Qxd5+ 41. Kf2 Ne4+ 42. Kg1 axb4 43. Rc1 Qd6 44. Qd1 Bf8 45. Qd3 Qd5 0-1

[Event "Klatovy"]
[Site "?"]
[Date "2007.??.??"]
[Round "?"]
[White "Vedral, O."]
[Black "Kubikova, A."]
[Result "1-0"]
[WhiteElo "2260"]
[BlackElo "2155"]
[PlyCount "93"]
[EventDate "2007.??.??"]

1. c4 e5 2. g3 Nc6 3. Bg2 g6 4. Nc3 Bg7 5. e3 d6 6. Nge2 f5 7. d3 Nf6 8. O-O
O-O 9. Rb1 Ne7 10. f4 c6 11. b4 a6 12. a4 Be6 13. b5 axb5 14. axb5 Nd7 15. Qc2
e4 16. dxe4 Bxc4 17. Rd1 fxe4 18. bxc6 bxc6 19. Qxe4 d5 20. Qe6+ Rf7 21. Qg4
Nc5 22. Nd4 Bxd4 23. exd4 Nb3 24. Qe6 Qa5 25. Ne4 Nxd4 26. Nf6+ Kg7 27. Rxd4
Qc5 28. Qe5 Rxf6 29. Kh1 Qd6 30. Rb7 Qxe5 31. fxe5 Re6 32. Rd1 Kg8 33. Bg5 Nf5
34. Bf6 h5 35. Bh3 Be2 36. Rdb1 Bg4 37. Bxg4 hxg4 38. Rc7 g5 39. Kg1 d4 40.
Rbb7 Ne3 41. Rg7+ Kf8 42. Rh7 Ra1+ 43. Kf2 Ra2+ 44. Ke1 Ra1+ 45. Ke2 Ra2+ 46.
Kd3 Ra3+ 47. Ke4 1-0

[Event "Klatovy"]
[Site "?"]
[Date "2007.??.??"]
[Round "?"]
[White "Folk, P."]
[Black "Hlavac, R."]
[Result "1/2-1/2"]
[WhiteElo "2255"]
[BlackElo "2095"]
[PlyCount "43"]
[EventDate "2007.??.??"]

1. e4 c5 2. Nf3 Nc6 3. d4 cxd4 4. Nxd4 Nf6 5. Nc3 e5 6. Ndb5 d6 7. Bg5 a6 8.
Na3 b5 9. Bxf6 gxf6 10. Nd5 Bg7 11. c3 f5 12. exf5 Bxf5 13. Nc2 Ne7 14. Bd3 Be6
15. Nxe7 Qxe7 16. Be4 Rc8 17. Ne3 O-O 18. Qh5 h6 19. h4 Rfd8 20. Rd1 Rc5 21.
Bd5 Bxd5 22. Rxd5 1/2-1/2

[Event "Klatovy"]
[Site "?"]
[Date "2007.??.??"]
[Round "?"]
[White "Folkova, M."]
[Black "Turner, R."]
[Result "1-0"]
[WhiteElo "2195"]
[BlackElo "2085"]
[PlyCount "125"]
[EventDate "2007.??.??"]

1. e4 Nf6 2. e5 Nd5 3. d4 d6 4. c4 Nb6 5. exd6 exd6 6. h3 g6 7. Nf3 Bg7 8. Bg5
f6 9. Be3 O-O 10. Nc3 Be6 11. d5 Bf7 12. Be2 N8d7 13. Nd4 Re8 14. O-O Ne5 15.
b3 c5 16. Nc2 a6 17. Qd2 f5 18. Bg5 Bf6 19. Bxf6 Qxf6 20. a4 Rad8 21. a5 Nc8
22. f4 Nd7 23. Bd3 Qh4 24. Ne1 Nf6 25. Nf3 Qh6 26. Ng5 Qg7 27. Rae1 h6 28. Nf3
Rxe1 29. Rxe1 Re8 30. Rxe8+ Bxe8 31. Nd1 Qc7 32. Nf2 b5 33. axb6 Qxb6 34. Bc2
Bd7 35. Nh4 Ne7 36. g4 Kf7 37. Bd1 a5 38. g5 hxg5 39. fxg5 Ne8 40. Nd3 Nxd5 41.
cxd5 c4+ 42. Qf2 Qxf2+ 43. Nxf2 cxb3 44. Bxb3 a4 45. Bc4 Nc7 46. Nf3 Nb5 47.
Nd1 a3 48. Ne3 Nc3 49. Nc2 a2 50. Nfd4 Ba4 51. Na1 Ke7 52. h4 Bd1 53. Nb5 Ne4
54. Bxa2 Nd2 55. Nd4 Bg4 56. Nab3 Ne4 57. Nc1 Bd1 58. Nd3 Nc3 59. Bc4 Be2 60.
Nxe2 Nxe2+ 61. Kf2 Nd4 62. Nf4 Kf7 63. Ne6 1-0

[Event "Klatovy"]
[Site "?"]
[Date "2007.??.??"]
[Round "?"]
[White "Palkova, K."]
[Black "Blecha, M."]
[Result "0-1"]
[WhiteElo "2070"]
[BlackElo "2190"]
[PlyCount "54"]
[EventDate "2007.??.??"]

1. e4 c5 2. Nf3 d6 3. c3 Nf6 4. d3 e6 5. Be2 Be7 6. O-O O-O 7. h3 Nc6 8. Be3
Qc7 9. Nbd2 b6 10. Nh2 d5 11. Rc1 Rd8 12. Bg5 dxe4 13. Bxf6 exd3 14. Bxe7 dxe2
15. Qxe2 Nxe7 16. Nhf3 Bb7 17. Rfd1 Ng6 18. Ne4 Qf4 19. Ned2 Rd7 20. Re1 Rad8
21. Rcd1 h6 22. a3 Nh4 23. Nxh4 Rxd2 24. Rxd2 Rxd2 25. Qe3 Qxe3 26. Rxe3 Rxb2
27. Rd3 Bd5 0-1

[Event "Klatovy"]
[Site "?"]
[Date "2007.??.??"]
[Round "?"]
[White "Krejci, J."]
[Black "Vevera, R."]
[Result "1-0"]
[WhiteElo "2190"]
[BlackElo "2080"]
[PlyCount "101"]
[EventDate "2007.??.??"]

1. e4 c6 2. d4 d5 3. e5 Bf5 4. Nf3 e6 5. Be2 Ne7 6. O-O Nd7 7. Nh4 Qb6 8. c4
dxc4 9. Na3 Nd5 10. Nxc4 Qc7 11. Nxf5 exf5 12. Bd3 g6 13. Re1 O-O-O 14. Bd2
N7b6 15. Rc1 Be7 16. a3 Rhe8 17. b4 Bf8 18. b5 Re6 19. bxc6 Rxc6 20. Nxb6+ Nxb6
21. Qb3 Rxd4 22. Be3 Rxd3 23. Qxd3 Nc4 24. Bf4 Qd7 25. Qb3 Qe6 26. a4 Be7 27.
h4 Nb6 28. Rxc6+ bxc6 29. Qd3 Qd7 30. Qa6+ Qb7 31. Qe2 Nd5 32. Bg5 Bb4 33. Rd1
Qd7 34. Qa6+ Qb7 35. Qc4 Kd7 36. h5 a5 37. hxg6 hxg6 38. Bd2 Ke6 39. Bxb4 axb4
40. a5 Qb5 41. Qxb5 cxb5 42. a6 Nc7 43. f4 b3 44. a7 g5 45. g3 gxf4 46. gxf4 b2
47. Kf2 Na8 48. Ke2 Ke7 49. Kd3 Kd7 50. Kc3+ Kc6 51. Kxb2 1-0

[Event "Klatovy"]
[Site "?"]
[Date "2007.??.??"]
[Round "?"]
[White "Smid, M."]
[Black "Hadrava, J."]
[Result "1-0"]
[WhiteElo "2185"]
[BlackElo "1870"]
[PlyCount "59"]
[EventDate "2007.??.??"]

1. Nf3 d5 2. c4 c6 3. b3 Nf6 4. Bb2 Bf5 5. g3 e6 6. Bg2 Be7 7. O-O O-O 8. d3 h6
9. Nbd2 Na6 10. Rc1 Rc8 11. Ne5 dxc4 12. Ndxc4 Nd7 13. e4 Nxe5 14. Nxe5 Bh7 15.
d4 f6 16. Nc4 b5 17. Ne3 Rc7 18. Qe2 Nb8 19. Rfd1 Qc8 20. d5 exd5 21. exd5 Rd8
22. dxc6 Rxd1+ 23. Rxd1 Rxc6 24. Bxc6 Qxc6 25. Rc1 Qd7 26. Qf3 Kh8 27. Qd5 Qxd5
28. Nxd5 Bd6 29. Rc8+ Bg8 30. Rd8 1-0

[Event "Klatovy"]
[Site "?"]
[Date "2007.??.??"]
[Round "?"]
[White "Herejk, P."]
[Black "Skopec, L."]
[Result "1-0"]
[WhiteElo "2160"]
[BlackElo "1850"]
[PlyCount "31"]
[EventDate "2007.??.??"]

1. e4 c5 2. Nf3 Nf6 3. Nc3 Nc6 4. e5 Ng4 5. Qe2 Qc7 6. Nb5 Qb8 7. d4 cxd4 8.
Bf4 d3 9. cxd3 f6 10. d4 e6 11. O-O-O a6 12. Nc3 Qa7 13. exf6 gxf6 14. Nd5 Kf7
15. h3 Bh6 16. hxg4 1-0

[Event "Klatovy"]
[Site "?"]
[Date "2007.??.??"]
[Round "?"]
[White "Kracik, D."]
[Black "Trmota, Z."]
[Result "0-1"]
[WhiteElo "2050"]
[BlackElo "2155"]
[PlyCount "66"]
[EventDate "2007.??.??"]

1. e4 e6 2. d4 d5 3. exd5 exd5 4. c4 Nf6 5. Nf3 Bb4+ 6. Nc3 O-O 7. Be2 dxc4 8.
Bxc4 Qe7+ 9. Be3 Be6 10. Bxe6 Qxe6 11. O-O c6 12. Re1 Qc4 13. Ne5 Qa6 14. Qb3
Bd6 15. Bg5 Nbd7 16. Nxd7 Nxd7 17. Ne4 Bc7 18. Be7 Qb6 19. Qxb6 axb6 20. Bxf8
Kxf8 21. Nc3 Nf6 22. Rad1 Rd8 23. Re2 b5 24. a3 Ba5 25. b4 Bb6 26. d5 cxd5 27.
Red2 d4 28. Nxb5 Ne4 29. Rd3 Rd5 30. Nxd4 g6 31. f3 Nc3 32. Rxc3 Rxd4 33. Rc8+
Rd8+ 0-1

[Event "Klatovy"]
[Site "?"]
[Date "2007.??.??"]
[Round "?"]
[White "Michalek, J."]
[Black "Danek, V."]
[Result "1-0"]
[WhiteElo "2355"]
[BlackElo "2020"]
[PlyCount "41"]
[EventDate "2007.??.??"]

1. d4 c5 2. e4 cxd4 3. Nf3 e6 4. Nxd4 a6 5. Nc3 d6 6. Bc4 Nf6 7. Bb3 Be7 8. g4
h5 9. g5 Nxe4 10. Nxe4 d5 11. Nc3 Bxg5 12. Bxg5 Qxg5 13. Qd2 Qf6 14. O-O-O Nd7
15. Bxd5 exd5 16. Nxd5 Qd8 17. Rhe1+ Kf8 18. Qb4+ Kg8 19. Ne7+ Kh7 20. Ne6 Qb6
21. Ng5+ 1-0

[Event "Klatovy"]
[Site "?"]
[Date "2007.??.??"]
[Round "?"]
[White "Trmal, J."]
[Black "Pravdik, K."]
[Result "1-0"]
[WhiteElo "2320"]
[BlackElo "2015"]
[PlyCount "49"]
[EventDate "2007.??.??"]

1. d4 d5 2. c4 c6 3. Nc3 Nf6 4. Nf3 dxc4 5. a4 Bf5 6. Ne5 e6 7. f3 Bb4 8. e4
Bxe4 9. fxe4 Nxe4 10. Qf3 Qxd4 11. Qxf7+ Kd8 12. Bg5+ Nxg5 13. Qxg7 Bxc3+ 14.
bxc3 Qxc3+ 15. Ke2 Qc2+ 16. Ke3 Qe4+ 17. Kf2 Qd4+ 18. Kg3 Qe3+ 19. Kh4 Qe4+ 20.
Kxg5 h6+ 21. Kh5 Qf5+ 22. Kh4 Rf8 23. Bxc4 Qf4+ 24. g4 Qf2+ 25. Kh5 1-0

[Event "Klatovy"]
[Site "?"]
[Date "2007.??.??"]
[Round "?"]
[White "Cecil, P."]
[Black "Plat, V."]
[Result "0-1"]
[WhiteElo "2040"]
[BlackElo "2280"]
[PlyCount "52"]
[EventDate "2007.??.??"]

1. d4 c5 2. d5 Nf6 3. Nc3 g6 4. g3 d6 5. Bg2 Bg7 6. e4 O-O 7. Nf3 b5 8. Nd2 b4
9. Ne2 Bb7 10. O-O Nbd7 11. a3 a5 12. axb4 cxb4 13. c3 Nc5 14. Qc2 Ba6 15. c4
Nfd7 16. f4 a4 17. Rf3 Nb6 18. Bf1 b3 19. Qb1 Nxc4 20. Nxc4 Bxc4 21. Ra3 Qb6
22. Be3 Qb4 23. Bf2 Bxe2 24. Bxe2 Qd2 25. Bb5 Qc2 26. Qe1 Bxb2 0-1

[Event "Klatovy"]
[Site "?"]
[Date "2007.??.??"]
[Round "?"]
[White "Havlik, J."]
[Black "Jaros, M."]
[Result "0-1"]
[WhiteElo "2020"]
[BlackElo "2195"]
[PlyCount "110"]
[EventDate "2007.??.??"]

1. e4 d5 2. exd5 Nf6 3. Bb5+ Bd7 4. Bc4 Bg4 5. f3 Bf5 6. Nc3 Nbd7 7. g4 Bg6 8.
h4 h6 9. d3 a6 10. Be3 b5 11. Bb3 b4 12. Ne4 Nb6 13. c4 bxc3 14. Nxc3 Qd6 15.
Rc1 Nfxd5 16. Nxd5 Nxd5 17. Ba4+ Kd8 18. Bf2 e6 19. Ne2 Qb4+ 20. Kf1 Bd6 21.
Nd4 Ne7 22. Qc2 Bxd3+ 23. Qxd3 Qxa4 24. Kg2 Nd5 25. Bg3 Kd7 26. Rhe1 Rhb8 27.
Re2 Qxa2 28. b3 Qa3 29. Qc4 Rb6 30. f4 Qb4 31. Qd3 Bxf4 32. Rf1 g5 33. Bf2 Rd6
34. Qh7 Rf8 35. Qxh6 Qb8 36. Nf3 gxh4 37. Qg7 Rc6 38. Bxh4 Qe8 39. Qd4 Rg8 40.
g5 Qb8 41. Bg3 Bxg3 42. Kxg3 Qxb3 43. Kh2 Rc2 44. Rxc2 Qxc2+ 45. Rf2 Qc3 46.
Qa4+ Ke7 47. Qxa6 Rh8+ 48. Kg3 Ne3 49. Qa4 Nf5+ 50. Kg2 Qc1 51. Qb4+ Nd6 52.
Rf1 Qc4 53. Qa3 Qg4+ 54. Kf2 Qf4 55. Qc5 Rh2+ 0-1

[Event "Klatovy"]
[Site "?"]
[Date "2007.??.??"]
[Round "?"]
[White "Rakous, P."]
[Black "Vanka, M."]
[Result "1/2-1/2"]
[WhiteElo "2010"]
[BlackElo "2185"]
[PlyCount "32"]
[EventDate "2007.??.??"]

1. d3 d5 2. c3 Nf6 3. Nf3 c6 4. g3 Bg4 5. Bg2 Nbd7 6. Bg5 Qc7 7. Nbd2 h6 8.
Bxf6 Nxf6 9. Qa4 e6 10. O-O Be7 11. Rfe1 O-O 12. d4 Bf5 13. Ne5 Bd6 14. e4 dxe4
15. Nxe4 Bxe5 16. dxe5 Nxe4 1/2-1/2

[Event "Klatovy"]
[Site "?"]
[Date "2007.??.??"]
[Round "?"]
[White "Krejci, S."]
[Black "Skoda, M."]
[Result "1/2-1/2"]
[WhiteElo "2185"]
[BlackElo "1995"]
[PlyCount "140"]
[EventDate "2007.??.??"]

1. b4 e6 2. Bb2 Nf6 3. a3 d5 4. g3 c5 5. bxc5 Bxc5 6. d4 Bd6 7. Nd2 O-O 8. Bg2
Nc6 9. c4 Re8 10. Ngf3 e5 11. cxd5 Nxd5 12. dxe5 Bf8 13. O-O Bg4 14. Qb3 Nb6
15. Rfd1 Qe7 16. h3 Be6 17. Qe3 Nd5 18. Qe4 Rad8 19. Nc4 Qc7 20. Ng5 g6 21. Qh4
h5 22. Rac1 Be7 23. Nd6 Bxd6 24. exd6 Qa5 25. Nxe6 Rxe6 26. Rxd5 Qb6 27. Rxc6
bxc6 28. Qd4 Qxd4 29. Rxd4 Rdxd6 30. Kf1 Rxd4 31. Bxd4 a6 32. e3 Kf8 33. Ke2
Ke7 34. Kd3 f5 35. Kc4 Kd6 36. f4 Kc7 37. Kc5 Kb7 38. Be5 g5 39. Bf3 g4 40.
hxg4 hxg4 41. Bg2 Rh6 42. Bd6 Rh3 43. Bxc6+ Kc8 44. e4 fxe4 45. Bxe4 Rxg3 46.
f5 Rg1 47. f6 Rf1 48. Be7 g3 49. Kb6 Kd7 50. Bc6+ Ke6 51. Kxa6 Rf2 52. a4 g2
53. Bxg2 Rxg2 54. a5 Ra2 55. Kb6 Rb2+ 56. Ka7 Kf7 57. a6 Ke6 58. Bd8 Kf7 59.
Bb6 Ra2 60. Bd4 Ra4 61. Be5 Ra3 62. Kb6 Rb3+ 63. Kc5 Ra3 64. Kb5 Ke6 65. Bd4
Kf7 66. Kb6 Rb3+ 67. Kc7 Ra3 68. Kb7 Rb3+ 69. Ka8 Ra3 70. a7 Rb3 1/2-1/2

[Event "Klatovy"]
[Site "?"]
[Date "2007.??.??"]
[Round "?"]
[White "Routner, J."]
[Black "Hlavnicka, J."]
[Result "1-0"]
[WhiteElo "2135"]
[BlackElo "1995"]
[PlyCount "54"]
[EventDate "2007.??.??"]

1. e4 c5 2. Nc3 d6 3. g3 Nc6 4. Bg2 g6 5. d3 Bg7 6. Be3 Nf6 7. h3 a6 8. Qd2 b5
9. e5 Bb7 10. exf6 Bxf6 11. Nge2 b4 12. Nd1 a5 13. O-O Qc7 14. d4 c4 15. Nf4
Bg7 16. c3 O-O 17. Nd5 Qd8 18. cxb4 e6 19. b5 Nxd4 20. Bxd4 Bxd5 21. Bxd5 exd5
22. Bxg7 Kxg7 23. Qxd5 Qd7 24. Kh2 Rab8 25. Nc3 Rfc8 26. Rad1 Rb6 27. Qd4+ Kf8
1-0